| 000 | 01182nam a22002297a 4500 | ||
|---|---|---|---|
| 005 | 20220418152531.0 | ||
| 008 | 220308b ||||| |||| 00| 0 eng d | ||
| 020 | _a9780548504673 | ||
| 040 | _cAL | ||
| 041 | _aeng | ||
| 082 |
_223 _a664.00286 _bKOLU |
||
| 100 |
_aTheodor Koller _923101 |
||
| 245 |
_aUtilization of waste products _bA treatise on the rational utilization, recovery and treatment of waste products of all kinds |
||
| 250 | _a3rd ed. | ||
| 260 |
_aLondon _bScott Greenwood and son _c1918 |
||
| 300 |
_aviii,338p. _bPB _c22.3x15cm. |
||
| 365 |
_2General _aVBI-1344 _b₹2246.25 _c₹ _d₹2995.00 _e25% _f21-02-2022 |
||
| 520 | _aThis scarce antiquarian book is a facsimile reprint of the original. Due to its age, it may contain imperfections such as marks, notations, marginalia and flawed pages. Because we believe this work is culturally important, we have made it available as part of our commitment for protecting, preserving, and promoting the world's literature in affordable, high quality, modern editions that are true to the original work. | ||
| 650 |
_2Food technology _aFood processing _923102 |
||
| 700 |
_aStocks, Herbert B _923103 |
||
| 942 |
_2ddc _cBK |
||
| 999 |
_c221761 _d221761 |
||